[Event "SCO-ch 126th"]
[Site "Edinburgh"]
[Date "2019.07.11"]
[Round "6"]
[White "Volland, Ben"]
[Black "Irving, Neil"]
[Result "0-1"]
[WhiteElo "1846"]
[BlackElo "1913"]
[PlyCount "68"]
[EventDate "2019.07.06"]
[EventType "swiss"]
[EventRounds "9"]
[EventCountry "SCO"]
[SourceTitle "CBM 191 Extra"]
[Source "ChessBase"]
[SourceDate "2019.09.30"]
[SourceVersion "1"]
[SourceVersionDate "2019.09.30"]
[SourceQuality "1"]

1. c4 c5 2. g3 g6 3. Bg2 Bg7 4. Nc3 Nc6 5. d3 d6 6. Bd2 Bd7 7. a3 Rb8 8. Rb1 a6 9. b4 cxb4 10. axb4 b5 11. cxb5 axb5 12. f4 Qc8 13. Rc1 h5 14. h3 Nh6 15. Nd5 e6 16. Bc3 Bxc3+ 17. Nxc3 0-0 18. Qb3 Nf5 19. g4 Nfd4 20. Qb2 Qd8 21. e3 Qh4+ 22. Kf1 Qg3 23. exd4 Qxf4+ 24. Nf3 Nxd4 25. Ne2 Nxe2 26. Kxe2 Qg3 27. Rcg1 Bc6 28. gxh5 Bd5 29. Qf6 Ra8 30. h6 Ra2+ 31. Ke3 Qf2+ 32. Kf4 e5+ 33. Kg4 Be6+ 34. Kg5 Qg3# 0-1

[Event "SCO-ch 126th"]
[Site "Edinburgh"]
[Date "2019.07.09"]
[Round "4"]
[White "Volland, Ben"]
[Black "Brown, Alan M"]
[Result "0-1"]
[WhiteElo "1846"]
[BlackElo "2017"]
[PlyCount "102"]
[EventDate "2019.07.06"]
[EventType "swiss"]
[EventRounds "9"]
[EventCountry "SCO"]
[SourceTitle "CBM 191 Extra"]
[Source "ChessBase"]
[SourceDate "2019.09.30"]
[SourceVersion "1"]
[SourceVersionDate "2019.09.30"]
[SourceQuality "1"]

1. c4 e5 2. g3 Nf6 3. Bg2 d5 4. cxd5 Nxd5 5. Nc3 Be6 6. Nf3 Nc6 7. 0-0 Nb6 8. d3 Be7 9. Be3 0-0 10. a3 Nd5 11. d4 exd4 12. Bxd4 Nxc3 13. Bxc3 Qxd1 14. Rfxd1 Rad8 15. Nd4 Nxd4 16. Rxd4 c6 17. Rad1 Rxd4 18. Rxd4 Rd8 19. Rxd8+ Bxd8 20. Bd4 a5 21. b4 axb4 22. axb4 Be7 23. Bc5 Kf8 24. Bxe7+ Kxe7 25. f4 Kd6 26. Kf2 b6 27. e4 f6 28. Ke3 c5 29. Bf1 cxb4 30. Kd4 b3 31. Bd3 Bg4 32. e5+ fxe5+ 33. fxe5+ Ke7 34. Bxh7 Bd1 35. Kc3 Ke6 36. g4 Kxe5 37. Bf5 Kf4 38. h3 Kg5 39. Be6 Kh4 40. g5 Kxg5 41. Bc8 Kf4 42. Be6 g5 43. Bd7 Bc2 44. Bb5 Bf5 45. Kxb3 Bxh3 46. Bc6 Bf5 47. Kc4 g4 48. Kb5 g3 49. Bg2 Ke3 50. Kxb6 Kf2 51. Bd5 Bg4 0-1

[Event "Robinson Cup U14"]
[Site "Cardiff"]
[Date "2017.07.25"]
[Round "4.2"]
[White "Volland, Ben"]
[Black "Ruchko, Denis"]
[Result "1-0"]
[WhiteElo "1723"]
[BlackElo "1774"]
[PlyCount "59"]
[EventDate "2017.07.24"]
[EventType "team-tourn"]
[EventRounds "5"]
[EventCountry "WLS"]
[SourceTitle "EXT 2023"]
[Source "ChessBase"]
[SourceDate "2022.10.05"]
[SourceVersion "1"]
[SourceVersionDate "2022.10.05"]
[SourceQuality "1"]
[WhiteTeam "Scotland U14"]
[BlackTeam "Ireland U14"]
[WhiteTeamCountry "SCO"]
[BlackTeamCountry "IRL"]

1. c4 c6 2. g3 d5 3. Bg2 e6 4. Nf3 Nf6 5. 0-0 Nbd7 6. Qc2 Bd6 7. d4 0-0 8. Nc3 Qe7 9. e4 dxe4 10. Nxe4 Nxe4 11. Qxe4 c5 12. Rd1 Nf6 13. Qh4 Qc7 14. Bg5 Nd7 15. Be7 Re8 16. Ng5 h6 17. Bxd6 Qxd6 18. Ne4 Qb6 19. dxc5 Nxc5 20. Nxc5 Qxc5 21. Rd8 Rxd8 22. Qxd8+ Kh7 23. Qd3+ g6 24. Rd1 Qc7 25. b3 e5 26. Qd8 Qxd8 27. Rxd8 Rb8 28. Bd5 Kg7 29. c5 f5 30. Be6 1-0

[Event "Dundee & Angus Major"]
[Site "Dundee"]
[Date "2016.10.08"]
[Round "2"]
[White "Volland, Ben"]
[Black "McMillan, Andrew"]
[Result "0-1"]
[WhiteElo "1626"]
[BlackElo "1294"]
[PlyCount "48"]
[EventDate "2016.10.07"]
[EventType "swiss"]
[EventRounds "5"]
[EventCountry "SCO"]
[SourceTitle "EXT 2023"]
[Source "ChessBase"]
[SourceDate "2022.10.05"]
[SourceVersion "1"]
[SourceVersionDate "2022.10.05"]
[SourceQuality "1"]

1. c4 e6 2. Nc3 d5 3. g3 Nf6 4. Bg2 Be7 5. d4 0-0 6. cxd5 exd5 7. Bf4 c6 8. Nf3 Nbd7 9. Rc1 Nb6 10. 0-0 Bf5 11. Ne5 Qc8 12. Qb3 Bh3 13. Nb5 Bxg2 14. Kxg2 Qd8 15. Nxc6 bxc6 16. Rxc6 Nc4 17. Nc7 Na5 18. Qa4 Nxc6 19. Qxc6 Rc8 20. Rc1 Ne8 21. Qb7 Nxc7 22. Bxc7 Qd7 23. Qxa7 Bd6 24. Bb6 Qxa7 0-1

[Event "World ol U16"]
[Site "Poprad"]
[Date "2016.07.23"]
[Round "3.4"]
[White "Volland, Ben"]
[Black "Schulze, Lara"]
[Result "1-0"]
[WhiteElo "1605"]
[BlackElo "2103"]
[PlyCount "57"]
[EventDate "2016.07.22"]
[EventType "team-swiss"]
[EventRounds "9"]
[EventCountry "SVK"]
[SourceTitle "EXT 2017"]
[Source "ChessBase"]
[SourceDate "2016.10.25"]
[SourceVersion "1"]
[SourceVersionDate "2016.10.25"]
[SourceQuality "1"]
[WhiteTeam "Scotland"]
[BlackTeam "Germany II"]
[WhiteTeamCountry "SCO"]
[BlackTeamCountry "GER"]

1. c4 e6 2. g3 d5 3. Bg2 Nf6 4. cxd5 exd5 5. e3 Be7 6. Ne2 0-0 7. 0-0 Nbd7 8. d4 c6 9. Nbc3 Nb6 10. Nf4 Bf5 11. a3 a5 12. b3 Re8 13. Re1 Ne4 14. Nce2 a4 15. b4 Nd6 16. Nc3 g5 17. Nd3 Bxd3 18. Qxd3 f5 19. Rb1 Nbc4 20. Nxd5 Kg7 21. Nc3 Bf6 22. b5 Qd7 23. bxc6 bxc6 24. Rb4 Ra5 25. Rxc4 Nxc4 26. Qxc4 c5 27. dxc5 Qe7 28. Nxa4 Rea8 29. Bxa8 1-0